Connecticut post offices and postmarks (Record no. 2208)

000 -LEADER
fixed length control field 00528nam a22000977a 4500
008 - FIXED-LENGTH DATA ELEMENTS--GENERAL INFORMATION
fixed length control field 170121b xxu||||| |||| 00| 0 eng d
100 ## - MAIN ENTRY--AUTHOR'S NAME
Author's Name Warmsley, Arthur J.
245 ## - TITLE STATEMENT
Title Connecticut post offices and postmarks
260 ## - PUBLICATION, DISTRIBUTION, ETC. (IMPRINT)
Place of publication, distribution, etc. Hartford, CN
Name of publisher, distributor, etc. The Author (Hartford, Conn.
Date of publication, distribution, etc. 1977
650 ## - TOPICAL TERM (Tag)
Topical term or geographic name United States | Connecticut | Postal History | Postal Service Postal Markings | Fancy Cancels | Post Offices | Post Offices, Discontinued | Postal Officials | Railway Mail | Maritime Mail Shipping Companies and Packet Service | Transportation of Mail
Holdings
Withdrawn status Lost status Source of classification or shelving scheme Damaged status Koha normalized classification for sorting Not for loan Collection code Permanent Location Current Location Date acquired Total Checkouts Full call number Barcode Date last seen Copy number Price effective from Koha item type
        G3781 P856 W277     Northern Philatelic Library Northern Philatelic Library 01/21/2017   G3781 P856 W277 1002596 01/21/2017 1 01/21/2017 Books

Powered by Koha